000 00478nam a2200157 a 4500
001 000033614
005 20200930070404.0
008 110901s1862 dr 000 0 spa d
040 _aDO-SdBNP
_bspa
_cBNPHU
110 1 _aRepública Dominicana
_9447
240 1 0 _a[Leyes, etc.]
245 1 0 _aCódigo civil de la provincia Española de Santo Domingo /.
260 _aSanto Domingo :
_aImprenta D. Manuel de J. García,
_c1862.
300 _a385, xix p. ;
_c22 cm.
049 _aBNPD
999 _c33105
_d33105